| Tag |
First Indicator |
Second Indicator |
Subfields |
| LEADER |
00000pam a22000004a 4500 |
| 001 |
in00001531913 |
| 005 |
20151022050553.0 |
| 008 |
000404s2000 coua bf 001 0 eng |
| 010 |
|
|
|a 99034784
|
| 020 |
|
|
|a 0813368480 (pbk. : alk. paper)
|
| 035 |
|
|
|a (OCoLC)41497128
|
| 040 |
|
|
|a DLC
|c DLC
|d TXA
|d UtOrBLW
|
| 042 |
|
|
|a pcc
|
| 043 |
|
|
|a n-us---
|
| 049 |
|
|
|a TXAM
|
| 050 |
0 |
0 |
|a JS395
|b .S43 2000
|
| 082 |
0 |
0 |
|a 324.7/0973
|2 21
|
| 100 |
1 |
|
|a Shaw, Catherine M.
|q (Catherine Marie),
|d 1955-
|
| 245 |
1 |
4 |
|a The campaign manager :
|b running and winning local elections /
|c Catherine M. Shaw.
|
| 250 |
|
|
|a 2nd ed.
|
| 264 |
|
1 |
|a Boulder, Colo. :
|b Westview Press,
|c 2000.
|
| 300 |
|
|
|a xvi, 284 pages :
|b illustrations ;
|c 26 cm.
|
| 336 |
|
|
|a text
|b txt
|2 rdacontent
|
| 337 |
|
|
|a unmediated
|b n
|2 rdamedia
|
| 338 |
|
|
|a volume
|b nc
|2 rdacarrier
|
| 504 |
|
|
|a Includes bibliographical references and index.
|
| 650 |
|
0 |
|a Local elections
|z United States
|v Handbooks, manuals, etc.
|
| 650 |
|
0 |
|a Campaign management
|z United States
|v Handbooks, manuals, etc.
|
| 700 |
1 |
|
|a Holstein, Michael E.
|
| 994 |
|
|
|a E0
|b TXA
|
| 948 |
|
|
|a cataloged
|b h
|c 2000/4/4
|d c
|e creed
|f 10:07:37 am
|
| 999 |
|
|
|a MARS
|
| 999 |
f |
f |
|s f3da5a26-afdd-3ff0-a017-1086e81a8bba
|i d487c9b1-bdf4-3bca-97ad-f06c17e5d520
|t 0
|
| 952 |
f |
f |
|p ric
|a Texas A&M University
|b Rellis Campus
|c Joint Library Facility
|d Remote Storage
|t 0
|e JS395 .S43 2000
|h Library of Congress classification
|i unmediated -- volume
|m A14825834926
|
| 998 |
f |
f |
|a JS395 .S43 2000
|t 0
|l Remote Storage
|